00875nam a2200241Ia 4500003000400000005001700004008004100021020001500062040001800077041000800095082002000103100002600123245009300149250000900242260003700251300002800288650003800316650002700354650004200381942002900423999001900452952016200471OSt20241108152708.0210716s2004 xx 000 0 und d a8176494941 cAIMIT LIBRARY aeng a651.7 21bBENT aBentley, T J.9184637 aReport writing in business : beffective communication of information /cBy T J Bentley. a1st  aNew Delhi :bViva Books ,c2004. axv,114p. ;bPBc22.4 cm aCommunicating effectively9184638 aWriting report9184639 aPresenting facts and opinions9184640 2ddccBKe1stk651.7 BENT c202104d202104 00102ddc40708MBAaAIMITbAIMITd2008-01-09g125.00iBill no:542; Bill dt:2007-12-18l0o651.7 BENTpMBA04670r2026-05-23 00:00:00v100.00w2021-07-16yBK